Logo Biblioteca

El cuento en Santa Fe : (Registro nro. 17)

Detalles MARC
000 -LEADER
fixed length control field 01438nam a22002057a 4500
003 - CONTROL NUMBER IDENTIFIER
control field OSt
005 - DATE AND TIME OF LATEST TRANSACTION
control field 20240416094152.0
008 - FIXED-LENGTH DATA ELEMENTS--GENERAL INFORMATION
fixed length control field 230630s2001 ag ||||| |||| 00| m spa d
040 ## - CATALOGING SOURCE
Transcribing agency besoc
100 1# - MAIN ENTRY--PERSONAL NAME
Personal name Santa Cruz, Inés
Relator term autor
245 13 - TITLE STATEMENT
Title El cuento en Santa Fe :
Remainder of title tipología de relato breve en el período 1930-1955 /
Statement of responsibility, etc. Inés Santa Cruz
260 ## - PUBLICATION, DISTRIBUTION, ETC.
Place of publication, distribution, etc. Rosario :
Name of publisher, distributor, etc. Fundación Ross,
Date of publication, distribution, etc. 2001
300 ## - PHYSICAL DESCRIPTION
Extent 264 p.
505 ## - FORMATTED CONTENTS NOTE
Formatted contents note Introducción : rasgos del cuento en Santa Fe : tipología del relato breve en el período 1930-1955 --
Title Los regalos de Fred Devores ; El ruano de Manzanares /
Statement of responsibility Mateo Booz --
Title Un casamiento por azar ; Dos autores teatrales /
Statement of responsibility Carlos Eduardo Carranza--
Title La última cesantía /
Statement of responsibility Emilio Alejandro Lamothe --
Title Las comunales de San Lorenzo ; Un orador, dos discursos ; Una coima /
Statement of responsibility Alcides Greca --
Title Noche de Reyes /
Statement of responsibility Luis Gudiño Kramer --
Title Los mojones ; Infortunio en tierra virgen /
Statement of responsibility Gastón Gori --
Title Se aquieta el juncal /
Statement of responsibility Diego Oxley --
Title Un crimen ; Hombre al agua /
Statement of responsibility Leonardo Castellani --
Title La pesquisa de Don Frutos ; Crimen en la madrugada ; El permiso /
Statement of responsibility Velmiro Ayala Gauna --
Title Los treinta dineros ; Fiebre /
Statement of responsibility Rosa Wernicke --
Title El hombre que leía a Kant /
Statement of responsibility Abel Rodríguez.
650 #4 - SUBJECT ADDED ENTRY--TOPICAL TERM
Topical term or geographic name entry element Literatura argentina
Form subdivision Cuentos
Geographic subdivision Santa Fe
700 1# - ADDED ENTRY--PERSONAL NAME
Personal name Booz, Mateo,
Dates associated with a name (1881-1943)
Relator term autor
700 1# - ADDED ENTRY--PERSONAL NAME
Personal name Gudiño Kramer, Luis,
Dates associated with a name (1898-1973)
Relator term autor
700 1# - ADDED ENTRY--PERSONAL NAME
Personal name Wernicke, Rosa
Dates associated with a name (1907-1971)
Relator term autor
942 ## - ADDED ENTRY ELEMENTS (KOHA)
Source of classification or shelving scheme Universal Decimal Classification
Koha item type Obra General
Suppress in OPAC No
Existencias
Withdrawn status Lost status Source of classification or shelving scheme Damaged status Not for loan Collection Home library Current library Date acquired Total checkouts Full call number Barcode Date last seen Price effective from Koha item type
    Universal Decimal Classification     Colección General Biblioteca Escuela de Ciencias Sociales Biblioteca Escuela de Ciencias Sociales 04/07/2023   82-34(821.6) SA231 000405 04/07/2023 04/07/2023 Obra General
Biblioteca de la Escuela Preuniversitaria en Ciencias Sociales y Humanísticas.
Riobamba 250 bis.
CP 2000 - Rosario - Santa Fe
E-Mail: biblioteca@esociales.unr.edu.ar